| 000 | 00595nam a2200217 a 4500 | ||
|---|---|---|---|
| 001 | Rebiun26300320 | ||
| 003 | AR-RoIUNI | ||
| 005 | 20230601114647.0 | ||
| 008 | 961105s1986 ag 000 spa | ||
| 020 | _a9500202166 | ||
| 040 |
_aUSA.ENFI _cIUNIR |
||
| 080 | _a616.5 GAT | ||
| 100 | 1 | _aGatti, Juan Carlos | |
| 245 | 1 | 0 |
_aManual de dermatología / _cJuan Carlos Gatti, José Esteban Cardama |
| 250 | _a10a. ed | ||
| 260 |
_aBuenos Aires : _bEl Ateneo, _c1986 |
||
| 300 |
_aXVI, 427 p. : _bil |
||
| 650 | 0 | 7 |
_aDermatología _9313 |
| 700 | 1 | _aCardama, José Esteban | |
| 942 |
_2cdu _cBK |
||
| 999 |
_c5589 _d5589 |
||